Guess the Arsenal women players (2024) - Statistics

General Stats
  • This quiz has been taken 162 times
  • The average score is 15 of 16
Answer Stats
Picture Answer % Correct
Beth Mead
96%
Alessia Russo
95%
Katie McCabe
95%
Leah Williamson
95%
Caitlin Foord
93%
Emily Fox
93%
Kim Little
93%
Kyra Cooney-Cross
93%
Steph Catley
90%
Stina Blackstenius
90%
Lia Walti
89%
Lotte Wubben-Moy
88%
Victoria Pelova
87%
Frida Maanum
86%
Manuela Zinsberger
86%
Laia Codina
83%
No matching quizzes found
Score Distribution
Percent of People with Each Score
Percentile by Number Answered
Your Score History
You have not taken this quiz